000 00515nam a2200193Ia 4500
005 20250326124732.0
008 250326s9999 xx 000 0 und d
037 _aTextbook
040 _aFMSL
_beng
_cFMSL
041 _aeng
_2eng
084 _aX:89A L7;23
_qFMSL
100 _aBuffa E S
245 0 _aModern production management
_cBuffa E S
250 _a4
260 _aNew Delhi
_bNew Delhi, Wiley Eastern
_c1977
300 _a704p
942 _cTB
_hX:89A L7;23
999 _c1274981
_d1274981